Strategic use of Information tehnology : document 1 (Record no. 98910)

MARC details
000 -LEADER
fixed length control field 00687cam a2200217 4500
008 - FIXED-LENGTH DATA ELEMENTS--GENERAL INFORMATION
fixed length control field 090401t1993 xxu||||| |||| 00| 0 eng d
020 ## - INTERNATIONAL STANDARD BOOK NUMBER
International Standard Book Number 0854065776
035 ## - SYSTEM CONTROL NUMBER
System control number (Sirsi) u97483
041 ## - LANGUAGE CODE
Language code of text/sound track or separate title eng
100 ## - MAIN ENTRY--PERSONAL NAME
Personal name Sullivan, Kerry
245 ## - TITLE STATEMENT
Title Strategic use of Information tehnology : document 1
260 ## - PUBLICATION, DISTRIBUTION, ETC.
Place of publication, distribution, etc. London
Name of publisher, distributor, etc. South Bank University
Date of publication, distribution, etc. 1993
300 ## - PHYSICAL DESCRIPTION
Extent c100p. ; 30cm.
520 ## - SUMMARY, ETC.
Summary, etc. A survey carried out on behalf of the Royal Institution of Chartered Surveyors by South Bank University
650 ## - SUBJECT ADDED ENTRY--TOPICAL TERM
Topical term or geographic name entry element IT
650 ## - SUBJECT ADDED ENTRY--TOPICAL TERM
Topical term or geographic name entry element RICS
690 ## - LOCAL SUBJECT ADDED ENTRY--TOPICAL TERM (OCLC, RLIN)
Topical term or geographic name as entry element MANAGEMENT-BUSINESS MANAGEMENT-INFORMATION MANAGEMENT
710 ## - ADDED ENTRY--CORPORATE NAME
Corporate name or jurisdiction name as entry element South Bank University
9 (RLIN) 492
942 ## - ADDED ENTRY ELEMENTS (KOHA)
Suppress in OPAC 0
948 ## - LOCAL PROCESSING INFORMATION (OCLC); SERIES PART DESIGNATOR (RLIN)
c (OCLC) 04/03/1997
Holdings
Withdrawn status Lost status Source of classification or shelving scheme Damaged status Not for loan Home library Current library Shelving location Date acquired Total Checkouts Full call number Barcode Date last seen Copy number Price effective from Koha item type
    Dewey Decimal Classification     London London RICS Boxes 12/04/2000   RICS 1993/123 30061183 06/08/2019 1 06/08/2019 Archive
    Dewey Decimal Classification     London London RICS Boxes 12/04/2000   RICS 1993/123 30061182 06/08/2019 2 06/08/2019 Reference material